[Event "Heusenstamm Sparkassen op-A 7th"]
[Site "Heusenstamm"]
[Date "2021.11.20"]
[Round "5.69"]
[White "Huck, Robert"]
[Black "Burkart, Lloyd Shang"]
[Result "0-1"]
[WhiteElo "1851"]
[BlackElo "1518"]
[PlyCount "70"]
[EventDate "2021.11.18"]
[EventType "swiss"]
[EventRounds "7"]
[EventCountry "GER"]
[SourceTitle "EXT 2023"]
[Source "ChessBase"]
[SourceDate "2022.10.05"]
[SourceVersion "1"]
[SourceVersionDate "2022.10.05"]
[SourceQuality "1"]

1. e4 c5 2. Nf3 e6 3. d3 Nc6 4. g3 Nf6 5. Bg2 d5 6. Nbd2 Be7 7. 0-0 b6 8. Re1 0-0 9. e5 Nd7 10. Nf1 Qc7 11. Bf4 Bb7 12. Qe2 Rac8 13. h4 Rfe8 14. N1h2 Bf8 15. h5 Kh8 16. Ng5 Re7 17. Bxd5 exd5 18. e6 Nd4 19. Qd2 Qc6 20. exd7 Qxd7 21. h6 Rce8 22. hxg7+ Bxg7 23. Be3 Nf5 24. c3 Nxe3 25. fxe3 Bh6 26. e4 Rg8 27. Nxf7+ Rxf7 28. Qxh6 Rxg3+ 29. Kh1 dxe4 30. dxe4 Qe7 31. Re3 Bxe4+ 32. Nf3 Bxf3+ 33. Kh2 Rg2+ 34. Kh3 Qd7+ 35. Re6 Rg6 0-1

[Event "DSOL 04 Liga Gr-C 1st"]
[Site "Playchess.com INT"]
[Date "2020.07.15"]
[Round "4.3"]
[White "Huck, Robert"]
[Black "Schmidt, Klaus1111"]
[Result "1/2-1/2"]
[WhiteElo "1771"]
[BlackElo "1576"]
[PlyCount "58"]
[EventDate "2020.06.22"]
[EventType "team-tourn (rapid)"]
[EventCountry "GER"]
[SourceTitle "EXT 2021"]
[Source "ChessBase"]
[SourceDate "2020.10.23"]
[SourceVersion "1"]
[SourceVersionDate "2020.10.23"]
[SourceQuality "1"]
[WhiteTeam "Alzenau Koenigsspringer"]
[BlackTeam "Neustadt Post"]
[WhiteTeamCountry "GER"]
[BlackTeamCountry "GER"]

1. e4 c5 2. Nf3 e6 3. c4 d6 4. Nc3 a6 5. d4 cxd4 6. Nxd4 Qc7 7. Be2 Nc6 8. 0-0 Nf6 9. Be3 Be7 10. f3 h6 11. Rc1 Qd8 12. Qe1 Bd7 13. Qf2 Rc8 14. Rfd1 Ne5 15. b3 0-0 16. Qg3 Kh7 17. f4 Nc6 18. e5 Ne8 19. Bd3+ Kh8 20. Bb1 Qc7 21. Nxc6 Qxc6 22. Bd4 dxe5 23. Bxe5 f5 24. Kh1 Nf6 25. h3 Rcd8 26. Bd3 Bc8 27. Be2 Rxd1+ 28. Rxd1 Qe8 29. Bf3 Kh7 1/2-1/2

[Event "DSOL 04 Liga Gr-C 1st"]
[Site "Playchess.com INT"]
[Date "2020.06.25"]
[Round "1.3"]
[White "Kepler, Ewgenij"]
[Black "Huck, Robert"]
[Result "1-0"]
[WhiteElo "1870"]
[BlackElo "1771"]
[PlyCount "55"]
[EventDate "2020.06.22"]
[EventType "team-tourn (rapid)"]
[EventCountry "GER"]
[SourceTitle "EXT 2021"]
[Source "ChessBase"]
[SourceDate "2020.10.23"]
[SourceVersion "1"]
[SourceVersionDate "2020.10.23"]
[SourceQuality "1"]
[WhiteTeam "Segeberg SF"]
[BlackTeam "Alzenau Koenigsspringer"]
[WhiteTeamCountry "GER"]
[BlackTeamCountry "GER"]

1. c4 e5 2. g3 Nf6 3. Bg2 c6 4. d4 Bb4+ 5. Nc3 e4 6. Bg5 d5 7. Qb3 Bxc3+ 8. bxc3 Qa5 9. Bxf6 gxf6 10. c5 b5 11. Nh3 Bxh3 12. Bxh3 Na6 13. 0-0 Qd8 14. e3 Nc7 15. f3 f5 16. Bxf5 Qg5 17. fxe4 Qxe3+ 18. Kh1 0-0 19. Qd1 Ne6 20. Qh5 h6 21. e5 Qg5 22. Qh3 Ng7 23. Bd7 Qg6 24. Rf4 Rad8 25. Rg4 Qd3 26. Qxh6 Qf3+ 27. Kg1 Qxg4 28. Bxg4 1-0

[Event "Heusenstamm Sparkassen op-A 6th"]
[Site "Heusenstamm"]
[Date "2019.11.24"]
[Round "6"]
[White "Huck, Robert"]
[Black "Haack, Kevin"]
[Result "0-1"]
[WhiteElo "1832"]
[BlackElo "1978"]
[PlyCount "86"]
[EventDate "2019.11.21"]
[EventType "swiss"]
[EventRounds "7"]
[EventCountry "GER"]
[SourceTitle "CBM 194 Extra"]
[Source "ChessBase"]
[SourceDate "2020.03.31"]
[SourceVersion "1"]
[SourceVersionDate "2020.03.31"]
[SourceQuality "1"]

1. e4 c5 2. Nf3 d6 3. Bb5+ Nd7 4. d4 cxd4 5. Qxd4 e5 6. Qd3 a6 7. Bxd7+ Bxd7 8. 0-0 Rc8 9. c4 b5 10. Na3 bxc4 11. Nxc4 Qc7 12. Na3 Qb7 13. Nc4 Qc6 14. b3 Be6 15. Nfd2 Nf6 16. Ba3 Bxc4 17. bxc4 Be7 18. Rab1 0-0 19. Rb3 Rfd8 20. Rfb1 Nd7 21. Qg3 Rc7 22. h3 Qa4 23. Qd3 Qc6 24. Qg3 h6 25. Qd3 Rcc8 26. Rb7 Rc7 27. R7b3 Qa4 28. Qd5 Nc5 29. Bxc5 Rxc5 30. Qb7 Bg5 31. Nf3 Qxc4 32. h4 Bf6 33. Nd2 Qe2 34. R3b2 Bxh4 35. Nf3 Bxf2+ 36. Kh1 Qe3 37. Rb3 Rc1+ 38. Rxc1 Qxc1+ 39. Kh2 Qf4+ 40. Kh1 Qc1+ 41. Kh2 Qc8 42. Qd5 Qg4 43. Rb7 Qh5+ 0-1

[Event "Heusenstamm Sparkassen op-A 6th"]
[Site "Heusenstamm"]
[Date "2019.11.22"]
[Round "2"]
[White "Huck, Robert"]
[Black "Gallasch, Robin"]
[Result "0-1"]
[WhiteElo "1832"]
[BlackElo "2072"]
[PlyCount "56"]
[EventDate "2019.11.21"]
[EventType "swiss"]
[EventRounds "7"]
[EventCountry "GER"]
[SourceTitle "CBM 194 Extra"]
[Source "ChessBase"]
[SourceDate "2020.03.31"]
[SourceVersion "1"]
[SourceVersionDate "2020.03.31"]
[SourceQuality "1"]

1. e4 c6 2. d4 d5 3. exd5 cxd5 4. Bd3 Nc6 5. c3 Qc7 6. h3 Nf6 7. Nf3 g6 8. 0-0 Bf5 9. Re1 Bxd3 10. Qxd3 Bg7 11. Be3 0-0 12. Nbd2 Rab8 13. Ne5 Nd7 14. Nxd7 Qxd7 15. Bf4 Rbc8 16. Nf3 Qf5 17. Qd2 b5 18. Bh6 Rfe8 19. Bxg7 Kxg7 20. Ne5 b4 21. cxb4 f6 22. g4 Nxe5 23. dxe5 Qd7 24. exf6+ exf6 25. Rxe8 Rxe8 26. Rd1 h5 27. Qxd5 Re1+ 28. Kg2 Rxd1 0-1

[Event "Main Vogelsberg op 14th"]
[Site "Waechtersbach"]
[Date "2019.06.08"]
[Round "3"]
[White "Klundt, Klaus"]
[Black "Huck, Robert"]
[Result "1-0"]
[WhiteElo "2192"]
[BlackElo "1725"]
[PlyCount "91"]
[EventDate "2019.06.07"]
[EventType "swiss"]
[EventRounds "7"]
[EventCountry "GER"]
[SourceTitle "CBM 190 Extra"]
[Source "ChessBase"]
[SourceDate "2019.07.15"]
[SourceVersion "1"]
[SourceVersionDate "2019.07.15"]
[SourceQuality "1"]

1. e4 e5 2. Nf3 Nc6 3. Bb5 a6 4. Ba4 Nf6 5. 0-0 b5 6. Bb3 Bc5 7. c3 0-0 8. d4 Bb6 9. dxe5 Nxe4 10. Bd5 Nc5 11. Bg5 Qe8 12. Nbd2 Rb8 13. Qe2 Ne6 14. Be3 Ne7 15. Bb3 Bxe3 16. Qxe3 Bb7 17. Nd4 Nxd4 18. cxd4 Bd5 19. Bc2 Rb6 20. Rac1 Rh6 21. Bb1 c6 22. Rfe1 Ng6 23. g3 Qe6 24. f4 Ne7 25. Rf1 Qh3 26. Rf2 Nf5 27. Bxf5 Qxf5 28. a3 Re8 29. Nb1 Rhe6 30. Nc3 Bc4 31. Qf3 d5 32. Nd1 Qe4 33. Qxe4 dxe4 34. Ne3 Bd3 35. f5 Rh6 36. Ng4 Rh5 37. Rxc6 Rg5 38. Ne3 a5 39. Kg2 g6 40. Rc7 gxf5 41. Rxf5 Rxf5 42. Nxf5 Rf8 43. Kf2 h5 44. Ke3 Kh7 45. e6 Kg6 46. e7 1-0